000 00885nam a2200241Ia 4500
003 GCL
005 20240530095602.0
008 140319s9999 xx 000 0 ara d
040 _aGCL /
_cGCL
082 0 4 _a332.642
_bم ب
100 1 _aمحمد حلمى عبدالتواب
245 1 0 _aالبورصة المصرية والبورصات العالمية اليه عملها - الرقابة عليها - الربط بين البورصات /
_cمحمد حلمى عبدالتواب
260 _aالقاهرة :
_bمؤسسة الطوبجى للتجارة والطباعة والنشر ،
_c2004
300 _a396 ص ؛
_c24 سم
650 0 4 _aالاستثمار
650 0 4 _aالاوراق المالية
650 0 4 _aالبنوك
650 0 4 _aالسندات
650 0 4 _aالبورصات
650 0 4 _aالاسهم
650 0 4 _aالمضاربات
942 _2ddc
_cBK
999 _c8594
_d8594